000 00714nam a2200277Ia 4500
005 20260324111634.0
008 008 260324s9999 xx 000 0 eng d
020 _a9781003638377
037 _aEBOOK
040 _aCRL
040 _beng
040 _cCRL
041 _2eng
041 _aeng
084 _qCRL
100 _aO. P. Mishra; D. C. Naskar
_91139395
245 2 _aA Field Manual of Magnetotelluric (MT) Surveys with Case Studies for Earth Scientists and Engineers
260 _bTaylor and Francis
260 _c2025
365 _a
365 _b370
856 _uhttp://www.taylorfrancis.com/books/9781003638377
942 _cEBOOK
999 _c1728284
_d1728284